| 000 | 00478nam a2200193Ia 4500 | ||
|---|---|---|---|
| 008 | 210417s9999 xx 000 0 und d | ||
| 020 | _a9780198472926 | ||
| 020 | _b198472927 | ||
| 082 | _a004 BER | ||
| 082 | _b2.004BER | ||
| 245 | 0 | _aE-mails home | |
| 245 | 0 | _cEmails home | |
| 250 | _b24 p. : col. ; ill. ; 22 cm. ; pbk. | ||
| 260 | _aOxford | ||
| 260 | _bOxford University Press | ||
| 260 | _c2003 | ||
| 700 | _a"Berry, Shilo" | ||
| 700 | _bWritten by Shilo Berry | ||
| 999 |
_c443540 _d443540 |
||